| 000 | 00767cab a2200241 4500 | ||
|---|---|---|---|
| 001 | WB3219-26 | ||
| 008 | 090401t1996 xxu||||| |||| 00| 0 eng d | ||
| 035 | _a(Sirsi) u1687 | ||
| 041 | _aeng | ||
| 245 | _a£600m Capital Challenge Funding scheme | ||
| 260 | _c1996 | ||
| 350 | _a0 | ||
| 490 |
_aDoE News Release _v201, 15 May 1996, (4) |
||
| 520 | _aLocal authorities are being encouraged to bid for £600m of approvals to fund their top projects, under the Capital Challenge Funding scheme. | ||
| 650 | _aCAPITAL CHALLENGE FUND | ||
| 650 | _aCAPITAL PROJECTS | ||
| 650 | _aLOCAL AUTHORITIES | ||
| 650 | _aPRIVATE FINANCE INITIATIVE | ||
| 650 | _aPRIVATE SECTOR | ||
| 690 | _aPROPERTY-PROPERTY FINANCE AND INVESTMENT | ||
| 942 | _n0 | ||
| 948 | _c04/03/1997 | ||
| 999 |
_c963 _d963 |
||